000
00277nam a22000977a 4500
008
230620b |||||||| |||| 00| 0 eng d
040
_a
National Science Library
_c
National Science Library
245
_a
Annual research report 1968
260
_b
University of roorkee
942
_c
REP
999
_c
66186
_d
66186